000
00266nam a2200097Ia 4500
008
120527s9999 xx 000 0 und d
100
_a
PEARSON, Anne
245
_a
Feeding and working strategies for oxen used for draft purpose in semi-
260
_b
ILRI
942
_c
BK
999
_c
25186
_d
25186